[Event "FRA Team Ch"]
[Site "Noyon"]
[Date "2001.02.04"]
[Round "3.5"]
[White "Hebden, Mark"]
[Black "Solakian-Van Eyll, Jerome"]
[Result "1-0"]
[WhiteElo "2522"]
[BlackElo "2300"]
[Annotator "Clichy-Noyon"]
[PlyCount "99"]
[EventDate "2001.02.??"]

1. d4 e6 2. Nf3 d5 3. c4 c6 4. e3 Nf6 5. Bd3 Nbd7 6. b3 Bb4+ 7. Bd2 Bd6 8. Nc3
O-O 9. O-O e5 10. cxd5 cxd5 11. Nb5 Bb8 12. dxe5 Nxe5 13. Bc3 Nxd3 14. Qxd3 a6
15. Bxf6 Qxf6 16. Nc3 Bf5 17. Qd4 Qxd4 18. Nxd4 Be6 19. Rad1 Rd8 20. Rd3 Ba7
21. Rfd1 Rd7 22. Kf1 Rad8 23. h3 h5 24. h4 g6 25. Nce2 Kg7 26. Nf4 Kf6 27. Rc3
Bb6 28. Rdc1 Re7 29. f3 Ba5 30. Rd3 Red7 31. Kf2 Bb6 32. Rdc3 Ba5 33. R3c2 Bb6
34. b4 Re7 35. a4 Rd6 36. a5 Ba7 37. Rc7 Rdd7 38. Rc8 Bf5 39. Ra8 Bxd4 40. exd4
Be6 41. Rac8 Rd6 42. Rb8 Rdd7 43. Rg8 Rc7 44. Rc5 Rxc5 45. bxc5 Rc7 46. Rd8 Ke7
47. Rxd5 Rd7 48. Rxd7+ Kxd7 49. Nxe6 fxe6 50. Ke3 1-0

[Event "FRA Team Ch"]
[Site "Noyon"]
[Date "2001.02.04"]
[Round "3.6"]
[White "Peyrat, Olivier"]
[Black "Pavlovic, Milos"]
[Result "1/2-1/2"]
[WhiteElo "2373"]
[BlackElo "2496"]
[Annotator "Noyon-Clichy"]
[PlyCount "37"]
[EventDate "2001.02.??"]

1. c4 e5 2. g3 Nf6 3. Bg2 d5 4. cxd5 Nxd5 5. Nf3 Nc6 6. O-O Nb6 7. d3 Be7 8. a3
O-O 9. Nbd2 a5 10. b3 Be6 11. Bb2 f6 12. Rc1 Qd7 13. Qc2 Rfd8 14. Rfd1 Qe8 15.
Nc4 Qf7 16. Nfd2 Nd5 17. Nf3 Nb6 18. Nfd2 Nd5 19. Nf3 1/2-1/2

[Event "FRA Team Ch"]
[Site "Noyon"]
[Date "2001.02.04"]
[Round "3.7"]
[White "Nataf, Igor-Alexandre"]
[Black "Bernard, Jacques"]
[Result "1/2-1/2"]
[WhiteElo "2552"]
[BlackElo "2237"]
[Annotator "Clichy-Noyon"]
[PlyCount "37"]
[EventDate "2001.02.??"]

1. e4 c5 2. Nf3 Nc6 3. d4 cxd4 4. Nxd4 Nf6 5. Nc3 e5 6. Ndb5 d6 7. Nd5 Nxd5 8.
exd5 Nb8 9. c4 Be7 10. Be2 O-O 11. O-O a6 12. Nc3 g6 13. f4 Bf6 14. Kh1 Nd7 15.
Qc2 exf4 16. Bxf4 Be5 17. Rae1 Bxf4 18. Rxf4 Ne5 19. c5 {Partie illisible...}
1/2-1/2

[Event "FRA Team Ch"]
[Site "Noyon"]
[Date "2001.02.04"]
[Round "3.8"]
[White "Carton, Camille"]
[Black "Renet, Olivier"]
[Result "0-1"]
[WhiteElo "2234"]
[BlackElo "2494"]
[Annotator "Noyon-Clichy"]
[PlyCount "69"]
[EventDate "2001.02.??"]

1. e4 c6 2. d4 d5 3. e5 c5 4. dxc5 e6 5. Qg4 h5 6. Qg3 h4 7. Qg4 Nh6 8. Bxh6
Rxh6 9. Bd3 Nc6 10. Nf3 f5 11. exf6 Qxf6 12. Nc3 Bxc5 13. O-O-O Bd7 14. Bb5
O-O-O 15. Rhe1 Rg6 16. Qxh4 Rxg2 17. Bxc6 bxc6 18. Qh3 Rxf2 19. Rd3 Qf4+ 20.
Kb1 e5 21. Qh5 e4 22. Nxe4 dxe4 23. Qxc5 Rxf3 24. Rdd1 Qc7 25. Rxe4 Rf5 26. Qg1
Be8 27. Rde1 Bh5 28. b3 Rfd5 29. Re7 Qxe7 30. Rxe7 Rd1+ 31. Qxd1 Rxd1+ 32. Kb2
Rd7 33. Re5 Bf7 34. h4 Kc7 35. c4 0-1

[Event "FRA Team Ch"]
[Site "Noyon"]
[Date "2001.02.04"]
[Round "3.9"]
[White "Sebag, Marie"]
[Black "Wolfangel, Florence"]
[Result "1-0"]
[WhiteElo "2298"]
[BlackElo "1870"]
[Annotator "Clichy-Noyon"]
[PlyCount "90"]
[EventDate "2001.02.??"]

1. e4 e6 2. d4 d5 3. Nc3 Bb4 4. e5 c5 5. Qg4 Kf8 6. Nf3 c4 7. Be2 Nc6 8. a3 Be7
9. h4 h5 10. Qf4 g6 11. Nd1 Kg7 12. Ng5 f6 13. Nf3 Nh6 14. Ne3 fxe5 15. Nxe5
Nxe5 16. dxe5 Rf8 17. Qg3 Nf5 18. Nxf5+ Rxf5 19. Qe3 Qh8 20. Bd2 b6 21. Bb4 Qf8
22. Bxe7 Qxe7 23. g4 hxg4 24. Bxg4 Rf8 25. O-O-O Qf7 26. Qh3 Qf4+ 27. Kb1 Qxe5
28. Rhg1 Rxf2 29. Rde1 Qh2 30. Qc3+ Kh7 31. Qb4 Qc7 32. Bxe6 a5 33. Qc3 Bxe6
34. Rxe6 Rg8 35. Qe3 Qc5 36. Qe1 Rf5 37. Re7+ Rg7 38. Re8 Rf8 39. Re5 Rf5 40.
Re8 Rf8 41. Rf1 Rgf7 42. Rxf7+ Rxf7 43. Qe5 Rg7 44. h5 d4 45. hxg6+ Kxg6 1-0

[Event "FRA Team Ch"]
[Site "Bischwiller"]
[Date "2001.02.04"]
[Round "3.3"]
[White "Arkell, Keith C"]
[Black "Baklan, Vladimir"]
[Result "1/2-1/2"]
[WhiteElo "2442"]
[BlackElo "2613"]
[Annotator "Nancy-Mulhouse"]
[PlyCount "28"]
[EventDate "2001.02.04"]

1. d4 Nf6 2. Nf3 e6 3. c4 b6 4. g3 Ba6 5. b3 Bb7 6. Bg2 Bb4+ 7. Bd2 c5 8. Bxb4
cxb4 9. a3 Qe7 10. O-O bxa3 11. Nxa3 O-O 12. Nb5 d5 13. Ne5 a6 14. Nc3 dxc4
1/2-1/2

[Event "FRA Team Ch"]
[Site "Bischwiller"]
[Date "2001.02.04"]
[Round "3.4"]
[White "Popovic, Petar"]
[Black "Turner, Matthew"]
[Result "1/2-1/2"]
[WhiteElo "2518"]
[BlackElo "2498"]
[Annotator "Mulhouse-Nancy"]
[PlyCount "34"]
[EventDate "2001.02.04"]

1. e4 c5 2. Nf3 g6 3. d4 cxd4 4. Nxd4 Bg7 5. c4 Nc6 6. Be3 Nf6 7. Nc3 Ng4 8.
Qxg4 Nxd4 9. Qd1 e5 10. Bd3 O-O 11. O-O d6 12. Qd2 Be6 13. Rad1 a6 14. b3 Qc7
15. Bxd4 exd4 16. Ne2 Qc5 17. Kh1 Qh5 1/2-1/2

[Event "FRA Team Ch"]
[Site "Bischwiller"]
[Date "2001.02.04"]
[Round "3.5"]
[White "Spielmann, Alain"]
[Black "Pelletier, Yannick"]
[Result "0-1"]
[WhiteElo "2294"]
[BlackElo "2548"]
[Annotator "Nancy-Mulhouse"]
[PlyCount "130"]
[EventDate "2001.02.04"]

1. d4 Nf6 2. Nf3 e6 3. e3 b6 4. Bd3 Bb7 5. O-O Be7 6. c4 O-O 7. Nc3 d5 8. b3
Nbd7 9. Qe2 a6 10. Bb2 Bd6 11. e4 dxc4 12. Bxc4 b5 13. Bd3 c5 14. Rfd1 cxd4 15.
Nxd4 Qb8 16. Nf3 Rc8 17. Rac1 Nc5 18. Bb1 Bf4 19. Rc2 b4 20. Na4 Nxa4 21. bxa4
Bh6 22. Be5 Qa7 23. Bd4 Rxc2 24. Bxc2 Qb8 25. a5 Qc8 26. Ne5 Qe8 27. Nc4 Qb5
28. Bd3 Qc6 29. f3 Nd7 30. Nb6 Rd8 31. Bxa6 Bxa6 32. Qxa6 Nxb6 33. axb6 e5 34.
Qa7 exd4 35. b7 Be3+ 36. Kh1 Bf4 37. g3 Bb8 38. Qa5 Rd7 39. Qxb4 d3 40. Qb3 d2
41. Qb2 Qd6 42. Qc2 h5 43. Kg2 h4 44. f4 Rd8 45. Kf3 Qd7 46. Qc3 Kh7 47. Qe3
Bc7 48. Qc3 Bb8 49. Qe3 Bc7 50. Qc3 Kg8 51. Kf2 g6 52. Kf3 h3 53. Kf2 Bb6+ 54.
Kf3 Qxb7 55. Rxd2 Rxd2 56. Qxd2 f5 57. Qc2 Bg1 58. g4 Qxe4+ 59. Qxe4 fxe4+ 60.
Kxe4 Bxh2 61. f5 Bc7 62. Kf3 g5 63. Kf2 Kf7 64. Kf3 Ke7 65. Kf2 Be5 0-1

[Event "FRA Team Ch"]
[Site "Bischwiller"]
[Date "2001.02.04"]
[Round "3.6"]
[White "Koch, Jean-Rene"]
[Black "Philippe, Christophe"]
[Result "1/2-1/2"]
[WhiteElo "2507"]
[BlackElo "2356"]
[Annotator "Mulhouse-Nancy"]
[PlyCount "156"]
[EventDate "2001.02.04"]

1. e4 c5 2. Nf3 Nc6 3. c3 d5 4. exd5 Qxd5 5. d4 Nf6 6. Be2 cxd4 7. cxd4 e6 8.
O-O Be7 9. Nc3 Qd6 10. Bg5 O-O 11. Rc1 a6 12. Qd2 Rd8 13. Rfd1 Nd5 14. Ne4 Bxg5
15. Nexg5 h6 16. Ne4 Qf4 17. Qc2 Ndb4 18. Qb1 Nxa2 19. g3 Nxc1 20. gxf4 Nxe2+
21. Kh1 Nxf4 22. Qc1 e5 23. Nxe5 Nxe5 24. Qxf4 Ng6 25. Qg3 Be6 26. Nc3 Bb3 27.
Rd2 Bd5+ 28. Nxd5 Rxd5 29. Qc7 b5 30. Qb7 Rad8 31. Qxa6 Nf4 32. Kg1 Ne6 33. Rc2
b4 34. Rc8 Rxc8 35. Qxc8+ Rd8 36. Qc6 Rxd4 37. Qc8+ Nf8 38. Qb8 g5 39. Kf1 Rf4
40. Ke2 Kg7 41. Qe5+ Kg6 42. Kf1 Ne6 43. Qd6 Rd4 44. Qe5 Rd1+ 45. Ke2 Rd4 46.
Kf1 h5 47. Ke1 h4 48. Qh8 Re4+ 49. Kf1 Rc4 50. Qg8+ Kf6 51. Qh8+ Ke7 52. h3 Rf4
53. Ke2 Kd6 54. Ke3 Kd5 55. Qa8+ Kc5 56. Qa5+ Kc4 57. Qa2+ Kc5 58. Qa5+ Kd6 59.
Qa8 Ke7 60. Qh8 Kd7 61. Qa8 Kd6 62. Qh8 Ke7 63. Qe5 g4 64. hxg4 Rxg4 65. Kf3
Rf4+ 66. Kg2 Kd7 67. Qd5+ Kc7 68. Qa5+ Kc6 69. Qe5 Kd7 70. Qd5+ Kc7 71. Qa5+
Kd6 72. Qb5 Rd4 73. Qb8+ Ke7 74. Qh8 Rg4+ 75. Kh3 Rf4 76. Kg2 Kd6 77. Qh5 Kc6
78. Qe5 Kd7 1/2-1/2

[Event "FRA Team Ch"]
[Site "Bischwiller"]
[Date "2001.02.04"]
[Round "3.7"]
[White "Adrian, Claude"]
[Black "Benitah, Yohan"]
[Result "1/2-1/2"]
[WhiteElo "2381"]
[BlackElo "2223"]
[Annotator "Nancy-Mulhouse"]
[PlyCount "48"]
[EventDate "2001.02.04"]

1. Nf3 d5 2. d4 Nf6 3. c4 c6 4. Qc2 g6 5. Bf4 Bf5 6. Qb3 Qb6 7. e3 Nbd7 8. Nbd2
Bg7 9. h3 O-O 10. c5 Qxb3 11. axb3 a6 12. b4 Bc2 13. Be2 Ne4 14. O-O Nxd2 15.
Nxd2 e5 16. dxe5 Nxe5 17. Rfc1 Bf5 18. g4 Bd7 19. Nb3 Rae8 20. Nd4 f5 21. g5
Nf7 22. Rd1 Nd8 23. Bf3 Kf7 24. Kg2 Rh8 1/2-1/2

[Event "FRA Team Ch"]
[Site "Bischwiller"]
[Date "2001.02.04"]
[Round "3.8"]
[White "Riff, Sebastien"]
[Black "Nezar, Mustapha"]
[Result "0-1"]
[WhiteElo "2223"]
[BlackElo "2292"]
[Annotator "Mulhouse-Nancy"]
[PlyCount "146"]
[EventDate "2001.02.04"]

1. Nc3 c5 2. e4 Nc6 3. Nf3 d6 4. d4 cxd4 5. Nxd4 Nf6 6. Bc4 e6 7. Be3 a6 8. a4
Qc7 9. Ba2 Be7 10. O-O Bd7 11. Qe2 Rc8 12. Nxc6 Bxc6 13. f3 O-O 14. Rad1 Qa5
15. Qd2 Kh8 16. Qd4 Rfd8 17. b4 Qc7 18. Qb6 Be8 19. Rd3 Nd7 20. Qxc7 Rxc7 21.
Bb3 Rdc8 22. Ne2 Ne5 23. Rdd1 Nc4 24. Bd4 Na3 25. c3 Nc4 26. f4 Kg8 27. Rfe1 e5
28. fxe5 dxe5 29. Bf2 Nb2 30. Ra1 Nd3 31. Red1 Nxf2 32. Kxf2 Kf8 33. Rd3 Bc6
34. Bd5 Rd7 35. a5 Bxd5 36. Rxd5 Rxd5 37. exd5 f5 38. Rd1 Bd6 39. Ke3 Ke7 40.
g3 Kf6 41. Re1 e4 42. Rb1 Ke5 43. b5 Kxd5 44. bxa6 bxa6 45. Rb7 Rc7 46. Rb8 Rc5
47. Rb7 Bc7 48. Ra7 Rc6 49. Kd2 Be5 50. Rf7 Rd6 51. Re7 Kc4+ 52. Kc2 Bf6 53.
Re8 Kb5 54. g4 e3 55. Rxe3 fxg4 56. Re4 h5 57. Rb4+ Kc5 58. Nf4 g6 59. Re4 Bd8
60. Re5+ Kc6 61. Nd3 Rf6 62. Nb4+ Kd7 63. Rd5+ Rd6 64. Rc5 Rf6 65. Kb3 Rf5 66.
Nxa6 Bxa5 67. Nb8+ Ke6 68. Rc6+ Kf7 69. Nd7 Kg7 70. c4 h4 71. Re6 g3 72. hxg3
hxg3 73. Ne5 g5 0-1

[Event "FRA Team Ch"]
[Site "Bischwiller"]
[Date "2001.02.04"]
[Round "3.9"]
[White "Franc, Nathalie"]
[Black "Muller, Anne"]
[Result "0-1"]
[WhiteElo "2130"]
[BlackElo "2208"]
[Annotator "Nancy-Mulhouse"]
[PlyCount "77"]
[EventDate "2001.02.04"]

1. e4 c5 2. Nf3 Nc6 3. d4 cxd4 4. Nxd4 Nf6 5. Nc3 d6 6. Bg5 e6 7. Qd2 a6 8.
O-O-O h6 9. Nxc6 bxc6 10. Bf4 d5 11. Qe3 Qa5 12. Be2 Bb7 13. Be5 Nd7 14. Qg3
Nxe5 15. Qxe5 O-O-O 16. exd5 cxd5 17. Rd3 Qc7 18. Qd4 Bc5 19. Qg4 h5 20. Qh4 d4
21. Na4 Be7 22. Qg3 Bd6 23. Qh4 g5 24. Qh3 g4 25. Qh4 Be4 26. f3 Bxd3 27. Bxd3
Qa5 28. b3 Ba3+ 29. Kb1 gxf3 30. gxf3 Kb7 31. Qe4+ Qd5 32. Qf4 f5 33. Rg1 Rhg8
34. Rg5 Rxg5 35. Qxg5 Rd7 36. Qxh5 Qa5 37. Qh4 Qd2 38. Nb2 Rg7 39. Qh3 0-1

[Event "FRA Team Ch"]
[Site "Bischwiller"]
[Date "2001.02.04"]
[Round "3.1"]
[White "Kallai, Gabor"]
[Black "Galdunts, Sergei"]
[Result "1/2-1/2"]
[WhiteElo "2543"]
[BlackElo "2510"]
[Annotator "Strasbourg-Bischwiller"]
[PlyCount "29"]
[EventDate "2001.02.04"]

1. d4 d6 2. c4 Nf6 3. Nc3 Nbd7 4. e4 e5 5. Nf3 Be7 6. Be2 O-O 7. O-O c6 8. Be3
Ng4 9. Bd2 Qb6 10. h3 Ngf6 11. Be3 Qxb2 12. Na4 Qa3 13. Bc1 Qb4 14. Bd2 Qa3 15.
Bc1 1/2-1/2

[Event "FRA Team Ch"]
[Site "Bischwiller"]
[Date "2001.02.04"]
[Round "3.2"]
[White "Ivanov, Mikhail M"]
[Black "Szabolcsi, Janos"]
[Result "1/2-1/2"]
[WhiteElo "2454"]
[BlackElo "2410"]
[Annotator "Bischwiller-Strasbourg"]
[PlyCount "144"]
[EventDate "2001.02.04"]

1. d4 Nf6 2. Nf3 d5 3. c4 c6 4. e3 e6 5. Bd3 dxc4 6. Bxc4 Nbd7 7. O-O Bd6 8.
Qe2 O-O 9. Nbd2 Re8 10. Bb3 b5 11. Rd1 Qb6 12. Nf1 Bb7 13. e4 Be7 14. e5 Nd5
15. Bc2 Nf8 16. Ng3 c5 17. dxc5 Bxc5 18. Ne4 Nb4 19. Bb1 Rad8 20. Rxd8 Rxd8 21.
Bg5 Rd7 22. a3 Nc6 23. Nxc5 Qxc5 24. Be3 Qd5 25. Ba2 Qe4 26. Qxb5 Ng6 27. Qc4
Qf5 28. Rc1 h6 29. h3 Ngxe5 30. Nxe5 Nxe5 31. Qf4 Qxf4 32. Bxf4 Nd3 33. Rd1 Bc6
34. Be3 a5 35. Rd2 e5 36. f3 Bb5 37. Bb1 a4 38. Ba2 Rc7 39. Kh2 Kf8 40. Bd5 f5
41. Be6 Bd7 42. Bd5 Bb5 43. g4 f4 44. Bb6 Rd7 45. Be4 Ke7 46. h4 Nc1 47. Bc5+
Kf6 48. Rxd7 Bxd7 49. Kg2 Bb5 50. Bb6 Bd3 51. Bd5 g5 52. Bd8+ Kg6 53. Bc6 gxh4
54. Be8+ Kg7 55. Bxa4 e4 56. Bxh4 Be2 57. fxe4 Bxg4 58. Bf2 Kf6 59. Bd4+ Kg5
60. b4 f3+ 61. Kf2 Nd3+ 62. Kg3 h5 63. Be3+ Kf6 64. Bb5 Ne1 65. a4 Ke5 66. Bc6
Nc2 67. Bc5 Nd4 68. Bd5 Ne2+ 69. Kf2 Nf4 70. Bc4 Kxe4 71. a5 Bc8 72. b5 Nd3+
1/2-1/2

[Event "FRA Team Ch"]
[Site "Bischwiller"]
[Date "2001.02.04"]
[Round "3.3"]
[White "Roos, Daniel"]
[Black "Schlosser, Philipp"]
[Result "1/2-1/2"]
[WhiteElo "2404"]
[BlackElo "2511"]
[Annotator "Strasbourg-Bischwiller"]
[PlyCount "22"]
[EventDate "2001.02.04"]

1. Nf3 c5 2. g3 Nc6 3. Bg2 g6 4. d4 cxd4 5. Nxd4 Bg7 6. Nxc6 bxc6 7. Nd2 Nf6 8.
O-O O-O 9. c4 d5 10. Qa4 Qb6 11. Nb3 Bd7 1/2-1/2

[Event "FRA Team Ch"]
[Site "Bischwiller"]
[Date "2001.02.04"]
[Round "3.4"]
[White "Schneider, Heiko"]
[Black "Herbrechtsmeier, Christof"]
[Result "0-1"]
[WhiteElo "2275"]
[BlackElo "2336"]
[Annotator "Bischwiller-Strasbourg"]
[PlyCount "82"]
[EventDate "2001.02.04"]

1. e4 c5 2. Nf3 Nc6 3. d4 cxd4 4. Nxd4 g6 5. c4 Nf6 6. Nc3 d6 7. Be2 Nxd4 8.
Qxd4 Bg7 9. Bg5 O-O 10. Qd2 Be6 11. Rc1 a6 12. O-O Qa5 13. b3 Rfc8 14. f4 Rc5
15. Qe3 Re8 16. Bh4 Rcc8 17. Kh1 b5 18. f5 Bd7 19. g4 b4 20. Nd5 Nxd5 21. exd5
Qxa2 22. Qf3 Qb2 23. Rce1 Qc3 24. Bd3 Qxb3 25. fxg6 fxg6 26. Qf7+ Kh8 27. Bxe7
Qxd3 28. Bf6 Rg8 29. Qxd7 Qxc4 30. Bxg7+ Rxg7 31. Qxd6 h6 32. Qe5 Rc5 33. Rf8+
Kh7 34. Rd8 Rc8 35. Rd6 Qxg4 36. Rxa6 Qf3+ 37. Kg1 Rc4 38. h3 Rc2 39. Qxg7+
Kxg7 40. Ra7+ Kf6 41. Rf1 Rg2+ 0-1

[Event "FRA Team Ch"]
[Site "Bischwiller"]
[Date "2001.02.04"]
[Round "3.5"]
[White "Roos, Louis"]
[Black "Mohebbi, Jaffar"]
[Result "1-0"]
[WhiteElo "2381"]
[BlackElo "2318"]
[Annotator "Strasbourg-Bischwiller"]
[PlyCount "76"]
[EventDate "2001.02.04"]

1. c4 c5 2. Nc3 Nc6 3. g3 g6 4. Bg2 Bg7 5. Nf3 d6 6. O-O e5 7. d3 Nge7 8. a3
O-O 9. Rb1 f5 10. Bd2 a5 11. Ne1 Be6 12. Nd5 Bxd5 13. cxd5 Nb8 14. Qb3 b6 15.
f4 Nd7 16. Nf3 a4 17. Qc4 Qb8 18. Qb5 Qb7 19. fxe5 Nxe5 20. Nxe5 Bxe5 21. Bc3
Bg7 22. e4 Rfd8 23. Bxg7 Kxg7 24. Qc4 b5 25. Qc3+ Kg8 26. Qf6 Qd7 27. e5 Ra6
28. e6 Qe8 29. g4 Qf8 30. Qh4 Qg7 31. gxf5 gxf5 32. Rxf5 Re8 33. Rf7 Qd4+ 34.
Qxd4 cxd4 35. Be4 b4 36. Kh1 Ng6 37. Rg1 bxa3 38. bxa3 Rb6 1-0

[Event "FRA Team Ch"]
[Site "Bischwiller"]
[Date "2000.02.04"]
[Round "3.6"]
[White "Blot, Jerome"]
[Black "Mensch, Etienne"]
[Result "1/2-1/2"]
[WhiteElo "2324"]
[BlackElo "2313"]
[Annotator "Bischwiller-Strasbourg"]
[PlyCount "134"]
[EventDate "2001.02.04"]

1. Nf3 c5 2. c4 Nf6 3. Nc3 Nc6 4. g3 g6 5. Bg2 Bg7 6. O-O O-O 7. a3 d6 8. Rb1
a5 9. d3 Ne8 10. Bd2 Nc7 11. Ne1 Bd7 12. Nc2 Rb8 13. b4 axb4 14. axb4 cxb4 15.
Nxb4 Nxb4 16. Rxb4 b5 17. cxb5 Nxb5 18. Nxb5 Rxb5 19. Rxb5 Bxb5 20. Qb3 Bd7 21.
Bd5 e6 22. Bb7 Qb8 23. Rb1 Bc8 24. Bc6 Qa7 25. Qa4 Qxa4 26. Bxa4 e5 27. Bb4 Bg4
28. f3 Be6 29. Bxd6 Rd8 30. Rb8 Rxb8 31. Bxb8 f6 32. Kf2 Bf8 33. f4 Bg7 34.
fxe5 fxe5 35. Ke3 Bd5 36. Bb5 Kf8 37. Bc4 Bc6 38. Bd6+ Ke8 39. Be6 Bh6+ 40. Kf2
e4 41. d4 e3+ 42. Kf1 Be4 43. h4 g5 44. h5 Bg7 45. Bc5 Bf8 46. Bb6 Bd6 47. d5
Bxg3 48. Bxe3 h6 49. Bc5 Be5 50. d6 Bc6 51. Bf5 Bd7 52. Bg6+ Kf8 53. e4 Kg7 54.
Kf2 Kf6 55. Ke3 g4 56. Kf2 Kg5 57. Kg2 Kf4 58. Bf5 Bxf5 59. exf5 Kxf5 60. d7
Bf6 61. Bd4 Be7 62. Be3 Ke6 63. Bxh6 Kxd7 64. Bg7 Ke8 65. Kg3 Kf7 66. Bd4 Kg8
67. Kxg4 Kh7 1/2-1/2

[Event "FRA Team Ch"]
[Site "Bischwiller"]
[Date "2001.02.04"]
[Round "3.7"]
[White "Roos, Jean-Luc"]
[Black "Hoffmann, Regis"]
[Result "1-0"]
[WhiteElo "2264"]
[BlackElo "2177"]
[Annotator "Strasbourg-Bischwiller"]
[PlyCount "51"]
[EventDate "2001.02.04"]

1. e4 d6 2. d4 Nf6 3. Nc3 g6 4. Nf3 Bg7 5. Be2 O-O 6. O-O c6 7. a4 b6 8. h3
Nbd7 9. Be3 Qc7 10. Qd2 Bb7 11. Bh6 a6 12. Bxg7 Kxg7 13. Qe3 e5 14. dxe5 dxe5
15. Nh4 b5 16. Rad1 Qb6 17. Qg5 Rad8 18. Nf5+ Kh8 19. Rd6 Ne8 20. Nd5 Qc5 21.
b4 Nxd6 22. bxc5 Nxe4 23. Qh6 gxf5 24. Ne7 Ndxc5 25. f3 Rfe8 26. fxe4 1-0

[Event "FRA Team Ch"]
[Site "Bischwiller"]
[Date "2001.02.04"]
[Round "3.9"]
[White "Chapelle, Emilie"]
[Black "Leclair, Marie"]
[Result "1-0"]
[WhiteElo "2060"]
[BlackElo "2032"]
[Annotator "Strasbourg-Bischwiller"]
[PlyCount "73"]
[EventDate "2001.02.04"]

1. d4 d5 2. c4 e6 3. Nc3 c5 4. cxd5 exd5 5. Nf3 Nc6 6. g3 c4 7. Bg2 Bb4 8. O-O
Nge7 9. a3 Ba5 10. Bd2 Bb6 11. Bg5 h6 12. Bxe7 Nxe7 13. Ne5 O-O 14. e3 Be6 15.
Ne2 Bc7 16. Nf3 b5 17. Nf4 Bg4 18. h3 Bf5 19. Kh2 Qd6 20. Qd2 a5 21. Rfc1 Rfb8
22. h4 b4 23. Ne5 Ra6 24. e4 bxa3 25. bxa3 Be6 26. exd5 Bxd5 27. Nxd5 Nxd5 28.
Nxc4 Qe6 29. Rab1 Rxb1 30. Rxb1 Nf6 31. Ne3 Bd6 32. Qd3 Ng4+ 33. Nxg4 Bxa3 34.
Qxa3 Qxg4 35. Rb8+ Kh7 36. Qd3+ Qg6 37. Be4 1-0

[Event "FRA Team Ch"]
[Site "Bordeaux"]
[Date "2001.03.29"]
[Round "4.2"]
[White "Vaisser, Anatoly"]
[Black "Banikas, Hristos"]
[Result "1/2-1/2"]
[WhiteElo "2540"]
[BlackElo "2535"]
[Annotator "Auxerre - Nice"]
[PlyCount "65"]
[EventDate "2001.??.??"]

1. d4 Nf6 2. c4 g6 3. Nc3 Bg7 4. e4 d6 5. f4 O-O 6. Nf3 c5 7. d5 e6 8. Be2 exd5
9. cxd5 Bg4 10. O-O Nbd7 11. Re1 Re8 12. h3 Bxf3 13. Bxf3 Qa5 14. Be3 b5 15. a3
Nb6 16. e5 Nfd7 17. e6 Nc4 18. exd7 Rxe3 19. Rxe3 Nxe3 20. Qe2 Qd8 21. Qxb5
21... Rb8 {=} 22. Qc6 Rxb2 23. Ne4 Bd4 24. Kh1 Rb6 25. Re1 Rxc6 26. dxc6 c4 27.
Nxd6 Qh4 28. Rb1 Bb6 29. Nxc4 Nxc4 30. Rxb6 Nxb6 31. c7 Nxd7 32. c8=Q+ Nf8 33.
Qb8 1/2-1/2

[Event "FRA Team Ch"]
[Site "Bordeaux"]
[Date "2001.03.29"]
[Round "4.3"]
[White "Delchev, Aleksander"]
[Black "Cramling, Pia"]
[Result "1/2-1/2"]
[WhiteElo "2587"]
[BlackElo "2492"]
[Annotator "Nice - Auxerre"]
[PlyCount "134"]
[EventDate "2001.??.??"]

1. e4 c5 2. Nf3 e6 3. d4 cxd4 4. Nxd4 Nc6 5. Nb5 d6 6. Bf4 e5 7. Be3 Nf6 8. Bg5
Be6 9. Nd2 Be7 10. Bxf6 Bxf6 11. Nc4 O-O 12. Qxd6 Qc8 13. c3 Be7 14. Qd1 Rd8
15. Qc1 Bxc4 16. Bxc4 a6 17. Na3 Bxa3 18. bxa3 Qg4 19. O-O Qxe4 20. Bb3 Rac8
21. Re1 Qd3 22. Re3 Qd6 23. Bc2 g6 24. a4 Qd2 25. Bb3 Qxc1+ 26. Rxc1 Kg7 27.
Kf1 f5 28. Rb1 Kf6 29. Ke2 Na5 30. f3 Rc6 31. Rd3 Rxd3 32. Kxd3 Rd6+ 33. Kc2 b6
34. Re1 Nb7 35. Bc4 Nc5 36. Re2 g5 37. Rf2 h5 38. h3 h4 39. Rf1 Rd8 40. Rb1 Rd6
41. a5 b5 42. Be2 e4 43. fxe4 Nxe4 44. Bd3 Nc5 45. Bf1 Ke5 46. c4 bxc4 47. Bxc4
Ne4 48. Rd1 Rc6 49. Kb3 Kf4 50. Kb4 Kg3 51. Rc1 Rd6 52. Rc2 g4 53. hxg4 fxg4
54. Bf1 Rf6 55. Rc1 Nd2 56. Bd3 h3 57. gxh3 gxh3 58. Rg1+ Kf2 59. Rh1 Kg2 60.
Rd1 Nf1 61. Be4+ Kf2 62. Kc5 h2 63. Rd8 Ke3 64. Ba8 Nd2 65. Rh8 Rf5+ 66. Kb6
Nc4+ 67. Ka7 Rxa5 1/2-1/2

[Event "FRA Team Ch"]
[Site "Bordeaux"]
[Date "2001.03.29"]
[Round "4.4"]
[White "Solozhenkin, Evgeniy"]
[Black "Sharif, Mershad"]
[Result "1/2-1/2"]
[WhiteElo "2506"]
[BlackElo "2481"]
[Annotator "Auxerre - Nice"]
[PlyCount "84"]
[EventDate "2001.??.??"]

1. d4 e6 2. c4 b6 3. a3 Bb7 4. Nc3 f5 5. d5 Nf6 6. g3 Na6 7. Bg2 Nc5 8. Nh3 Bd6
9. O-O Be5 10. Na4 Nfe4 11. Nxc5 Nxc5 12. Qc2 O-O 13. Be3 Ne4 14. Rad1 Qe7 15.
dxe6 dxe6 16. Ng5 Nd6 17. c5 bxc5 18. Bxb7 Nxb7 19. Qb3 Nd8 20. Nf3 Bd6 21. Bg5
Qe8 22. Rfe1 Nf7 23. e4 Rb8 24. Qc4 fxe4 25. Rxe4 Rxb2 26. Bc1 Rb1 27. Qa2 Qb5
28. Nd2 Ng5 29. Re3 Qb7 30. f3 Rb6 31. Kg2 Qd5 32. Qc2 Qf5 33. Qxf5 exf5 34.
Nc4 Rb1 35. Rc3 Nf7 36. Rd5 g6 37. Nd2 Rb5 38. h4 Re8 39. Kf2 Be5 40. Rcd3 Bd4+
41. Kf1 Ne5 42. a4 42... Rb7 {Suite illisible} 1/2-1/2

[Event "FRA Team Ch"]
[Site "Bordeaux"]
[Date "2001.03.29"]
[Round "4.5"]
[White "Chatalbashev, Boris"]
[Black "Bellon Lopez, Juan Manuel"]
[Result "1/2-1/2"]
[WhiteElo "2499"]
[BlackElo "2430"]
[Annotator "Nice - Auxerre"]
[PlyCount "91"]
[EventDate "2001.??.??"]

1. d4 Nf6 2. Nf3 c5 3. d5 g6 4. Nc3 Qa5 5. Bd2 b5 6. e4 b4 7. e5 Ng4 8. h3 bxc3
9. Bxc3 Nxf2 10. Kxf2 Qb6 11. e6 f6 12. exd7+ Nxd7 13. Bc4 Ba6 14. Qe2 Bxc4 15.
Qxc4 Qd6 16. Rhe1 Nb6 17. Qb5+ Qd7 18. a4 Qxb5 19. axb5 Nxd5 20. Ba5 c4 21. Nd2
e5 22. Nxc4 Rc8 23. b3 Bc5+ 24. Kf3 O-O 25. c3 Bb6 26. Red1 Rc5 27. Bxb6 axb6
28. Ra7 e4+ 29. Kf2 e3+ 30. Nxe3 Nxe3 31. Kxe3 Rxc3+ 32. Rd3 Rxd3+ 33. Kxd3
Rd8+ 34. Kc2 Rd6 35. Rc7 Kf8 36. Rxh7 f5 37. g3 Ke8 38. Rc7 Kd8 39. Rg7 Kc8 40.
g4 fxg4 41. hxg4 Kd8 42. g5 Kc8 43. Re7 Kd8 44. Re5 Kd7 45. Kc3 Kd8 46. Kc4
1/2-1/2

[Event "FRA Team Ch"]
[Site "Bordeaux"]
[Date "2001.03.29"]
[Round "4.9"]
[White "Gasnier, Austine"]
[Black "Nicoara, Malina"]
[Result "0-1"]
[WhiteElo "1750"]
[BlackElo "2258"]
[Annotator "Nice - Auxerre"]
[PlyCount "124"]
[EventDate "2001.??.??"]

1. e4 c5 2. Nf3 Nc6 3. c3 d5 4. exd5 Qxd5 5. d4 cxd4 6. cxd4 e5 7. Nc3 Bb4 8.
Bd2 Bxc3 9. Bxc3 e4 10. Ne5 Nxe5 11. dxe5 Ne7 12. Qxd5 Nxd5 13. Bd2 O-O 14. Bb5
a6 15. Bc4 Be6 16. Bxd5 Bxd5 17. O-O Rfe8 18. Bc3 Bc4 19. Rfe1 Bd3 20. Rad1
Rad8 21. Rd2 Rd5 22. Red1 Red8 23. a3 b6 24. h3 a5 25. b4 Rc8 26. Bb2 axb4 27.
axb4 Rb5 28. f3 Kf8 29. fxe4 Bxe4 30. Rd8+ Rxd8 31. Rxd8+ Ke7 32. Rd2 Ke6 33.
Bc3 f6 34. exf6 gxf6 35. Kf2 Rg5 36. g3 Rf5+ 37. Ke3 Rf3+ 38. Kxe4 Rxc3 39. Rd3
Rc4+ 40. Rd4 Rc3 41. Rd3 f5+ 42. Kd4 Rxd3+ 43. Kxd3 Kd5 44. h4 b5 45. h5 h6 46.
Ke3 Kc4 47. Kf4 Kxb4 48. Kxf5 Kc4 49. Kg6 b4 50. Kxh6 b3 51. Kg7 b2 52. h6 b1=Q
53. h7 Qb7+ 54. Kg8 Qc8+ 55. Kg7 Qd7+ 56. Kg8 Qd8+ 57. Kg7 Qg5+ 58. Kf7 Qh6 59.
Kg8 Qg6+ 60. Kh8 Kd5 61. g4 Ke6 62. g5 Qf7 0-1

[Event "FRA Team Ch"]
[Site "Bordeaux"]
[Date "2001.03.29"]
[Round "4.1"]
[White "Magem Badals, Jordi"]
[Black "Nisipeanu, Liviu-Dieter"]
[Result "1/2-1/2"]
[WhiteElo "2506"]
[BlackElo "2596"]
[Annotator "Orange - Montpellier"]
[PlyCount "35"]
[EventDate "2001.??.??"]

1. e4 e5 2. Nf3 d6 3. d4 exd4 4. Nxd4 Nf6 5. Nc3 Be7 6. g3 d5 7. e5 Ng4 8. e6
Nf6 9. exf7+ Kxf7 10. Bg2 Re8 11. O-O c6 12. Re1 Na6 13. Bf4 Bg4 14. Qd2 Qd7
15. Nf3 Bxf3 16. Bxf3 Bd6 17. Bxd6 Qxd6 18. a3 1/2-1/2